Futuros maestros: búsqueda y construcción de una identidad profesional. Una mirada psicosocial a los procesos subjetivos que se juegan en los trayectos de práctica

Saved in:
Bibliographic Details
Main Author: Bedacarratx, Valeria de los Angeles (Author)
Format: Book
Language:Spanish
Published: Buenos Aires Biblos 2009
Edition:1a. ed
Series:Tesis
Subjects:
Tags: Add Tag
No Tags, Be the first to tag this record!

MARC

LEADER 00000cam a2200000 a 4500
001 UCF8186
003 CL-VaPUC
008 130802e20090000ag |||||||||||||||||spa|d
020 |a 9789507867590 
082 0 4 |a 302  |b BED  |2 21 
100 0 |a Bedacarratx, Valeria de los Angeles  |e author  |9 570272 
245 1 0 |a Futuros maestros: búsqueda y construcción de una identidad profesional. Una mirada psicosocial a los procesos subjetivos que se juegan en los trayectos de práctica 
250 |a 1a. ed 
300 |a 432 p 
942 |c BK 
945 |d 20130802 12:08:00  |a dcastane 
260 |a Buenos Aires  |b Biblos  |c 2009 
650 0 |a Formación profesional de profesores  |9 307493 
650 0 |a Psicología social   |9 222894 
650 0 |a Identidad   |9 336178 
583 |a last modification  |c 20130802 12:08:00  |k Rodrigo Vera 
490 0 |a Tesis 
999 |c 352821  |d 352819 
952 |0 0  |1 0  |4 0  |6 302_000000000000000_BED_2009  |7 0  |8 A  |9 457496  |a BIBEDU  |b BIBEDU  |d 2019-11-22  |i 4992261  |l 1  |o 302 BED 2009  |p 4992261  |r 2025-04-09  |s 2025-04-09  |w 2019-11-22  |y BK  |k EPE